Dynamics of objective and subjective financial knowledge on financial behaviour (Record no. 510546)

000 -LEADER
fixed length control field 00431nam a2200157 4500
008 - FIXED-LENGTH DATA ELEMENTS--GENERAL INFORMATION
fixed length control field 190822b ||||| |||| 00| 0 eng d
100 ## - MAIN ENTRY--PERSONAL NAME
Personal name Gautam, Shalini
245 ## - TITLE STATEMENT
Title Dynamics of objective and subjective financial knowledge on financial behaviour
260 ## - PUBLICATION, DISTRIBUTION, ETC. (IMPRINT)
Date of publication, distribution, etc 2019
300 ## - PHYSICAL DESCRIPTION
Extent p.11-20.
650 ## - SUBJECT ADDED ENTRY--TOPICAL TERM
Topical term or geographic name as entry element Inflation
9 (RLIN) 8724
700 ## - ADDED ENTRY--PERSONAL NAME
Personal name Jain, Kokil
9 (RLIN) 8725
773 ## - HOST ITEM ENTRY
Main entry heading Abhigyan
906 ## - LOCAL DATA ELEMENT F, LDF (RLIN)
Subject DIP Inflation
942 ## - ADDED ENTRY ELEMENTS (KOHA)
Source of classification or shelving scheme
Item type Articles
Holdings
Withdrawn status Lost status Source of classification or shelving scheme Damaged status Not for loan Permanent location Current location Date acquired Serial Enumeration / chronology Barcode Date last seen Koha item type
          Indian Institute of Public Administration Indian Institute of Public Administration 2019-08-22 37(1), Apr-Jun, 2019: p.11-20. AR120397 2019-08-22 Articles

Powered by Koha